Sanat "Kaunis ja peloton" - Suvi Teräsniska - Statistics

Yleistilastot
  • Tätä visaa on pelattu 6 kertaa
  • Keskiarvotulos 125 / 153
Vastaustilastot
Vastaus % Oikein
et
100%
ja
100%
jos
100%
kaunis
100%
oot
100%
peloton
100%
100%
aamuna
75%
elämä
75%
etelä
75%
etelässä
75%
heräät
75%
hiljaa
75%
huomaat
75%
joku
75%
jonain
75%
joukossa
75%
kyllä
75%
Miten
75%
miten
75%
muiden
75%
mutta
75%
pelkoa
75%
pohjoinen
75%
pohjoisessa
75%
sekaisin
75%
silmissäs
75%
Sinä
75%
sinä
75%
sun
75%
toivoa
75%
vähän
75%
vaikene
75%
vieras
75%
virtaa
75%
ilma
50%
kuin
50%
maisema
50%
oikea
50%
olet
50%
olisi
50%
ollenkaan
50%
paikassa
50%
salainen
50%
satuttaa
50%
suuntia
50%
usein
50%
väärässä
50%
vailla
50%
vedenalainen
50%
Ehtoja vastaavia visoja ei löytynyt
Tulosjakauma
Jokaisen tuloksen saaneiden osuus
Persentiili vastausten määrän mukaan
Tuloshistoriasi
Et ole pelannut tätä visaa